000 01075cam a2200205 4500
001 WB@3612-124
008 041013n2004 000 0 eng u
035 _a(Sirsi) u127677
245 _aConfidence high in office market
260 _c2004
490 _aRICS Press Release
_v(pr091) 12 October 2004 (2)
520 _aAccording to the latest "RICS commercial market survey: England and Wales", UK commercial property is expecting growth as confidence in the office market hits a six and a half year high. Demand in the office sector also rose firmly in the third quarter of 2004, though activity in retail and industrial sectors remained flat. Demand for business property rose for the fourth consecutive quarter - the largest rise being in southern England. For the full report go to the website. http://www.rics.org/RICSWEB/getpage.aspx?p=-TQbouB e4EG2XeM8GzlFNw==
590 _aWB
590 _aWB
650 _aRICS COMMERCIAL PROPERTY SURVEY
650 _aBUSINESS PROPERTY
650 _aOFFICE MARKET
690 _aCOMMERCIAL PROPERTY
_96227
942 _n0
999 _c118145
_d118145